00741nam a22001337a 4500003000900000008004100009040007100050082001500121110001100136245014700147260002900294300003900323505024500362AR-CdUCM190327b ||||| |||| 00| 0 spa d aMUNICIPALIDAD PROVINCIAL DEL CUSCOcBIBLIOTECA MUNICIPAL DEL CUSCO a800 /bG91 aPRODES aGuia especifica para lideres (as) sociales ¿ como participamos en el proceso de rendición de cuentas? :bModulo de rendición de cuentas / aLima : bDuartes,c2005. a41 paginasbIlustraciones,c30 cm. aContenido : ¿por que es importante el proceso de rendición de cuentas? -- ¿sobre que solicitamos la rendición de cuentas? -- ¿que roles cumplimos las y los lideres y organizaciones sociales en el proceso d rendición de cuentas?...